Pop Art (Registo nº 63)

Detalhes MARC
000 -Etiqueta do registo
Cabeçalho 00763cam0a22003131i 4500
005 - Identificador da versão
Campo de controlo 20240813121753.0
010 ## - Número internacional normalizado dos livros (ISBN)
Número (ISBN) 3822868663
021 ## - Número do Depósito Legal
Código do país PT
035 ## - Other System Control Numbers
System Control Number 0000066
System Control Number 0000066
System Control Number 0000066
System Control Number 0000066
100 ## - Dados gerais de processamento
Dados gerais de processamento 20041102d1999 m e0pory5003 ba
102 ## - Pais de publicação ou produção
País de publicação Portugal
101 1# - Língua de publicação
Língua do texto, banda sonora, etc. Português
Língua do documento no original Inglês
106 ## - Campo de dados codificados: material textual
Dados codificados do material textual r
105 ## - Campo de dados codificados: livros
Dados codificados dos livros y z 001yy
215 ## - Descrição física 
Indicação específica da natureza do documento e extensão da espécie 239, [1] p.
Outras indicações físicas il.
200 1# - Titulo e menção de responsabilidade
Título próprio Pop Art
Primeira menção de responsabilidade Tilman Osterwold
Outras menções de responsabilidade trad. Sónia Teixeira
205 ## - Menção da edição
Menção da edição 1a ed.
210 ## - Publicação, Distribuição, etc. 
Lugar da edição, distribuição, etc. Lisboa
Nome do editor, distribuidor, etc. Taschen
Data da publicação, distribuição, etc. 1999
606 ## - Nome comum usado como assunto
Número de registo de entrada de autoridade 0000163
Palavra de ordem Arte Pop
Subdivisão de assunto Estados Unidos
675 ## - Classificação Decimal Universal (CDU)
Notação 7.067(4)
Edição BN
Língua da edição por
700 #1 - Nome de autor-pessoa física (responsabilidade principal)
Número de registo de entrada de autoridade 0000165
Palavra de ordem Osterwold
Outra parte do nome não tomada para palavra de ordem Tilman
966 ## - Identificação da Biblioteca
Sigla NUMETECA
942 ## - Elementos de entrada adicionados (Koha)
Tipo de item no Koha Livro
Exemplares
Situação do levantamento Origin of item (home branch) (coded) Biblioteca de empréstimo Código de barras Cota Circulation type (not for loan) Tipo de documento Nota do exemplar Damaged status
  Biblioteca Escolar Eng. Nuno Mergulhão Biblioteca Escolar Eng. Nuno Mergulhão BENM798 75PIN OST   Livro Sem mensagem